[Event "Olympiad Top DivD"]
[Site "chess.com INT"]
[Date "2021.09.08"]
[Round "1.5"]
[White "Liang, Awonder"]
[Black "Talukdar, Rohan"]
[Result "1-0"]
[WhiteElo "2590"]
[BlackElo "2329"]
[PlyCount "121"]
[EventDate "2021.09.08"]
[EventType "team (rapid)"]
[EventRounds "9"]
[EventCountry "NET"]
[Source "Mark Crowther"]
[SourceDate "2021.09.13"]
[WhiteTeam "United States of America"]
[BlackTeam "Canada"]
[BlackTeamCountry "CAN"]

1. Nf3 Nf6 2. c4 g6 3. Nc3 d5 4. cxd5 Nxd5 5. h4 Nxc3 6. bxc3 h6 7. e4 Bg7 8.
d4 c5 9. Be2 b6 10. O-O O-O 11. Be3 Bg4 12. Qd2 h5 13. d5 e6 14. Bg5 Qc8 15.
Rad1 exd5 16. exd5 Re8 17. Rfe1 Nd7 18. d6 Qc6 19. Be7 Bf6 20. Qh6 Bxe7 21.
dxe7 Rxe7 22. Ng5 Nf8 23. Bxg4 Rxe1+ 24. Rxe1 hxg4 25. Re7 Qf6 26. Rxf7 Qxf7
27. Nxf7 Kxf7 28. Qf4+ Kg8 29. Qxg4 Re8 30. Kh2 Kg7 31. f4 Re4 32. h5 Kh7 33.
Qg5 Re6 34. hxg6+ Rxg6 35. Qe7+ Kg8 36. Qxa7 Rh6+ 37. Kg1 Rf6 38. g3 Rg6 39.
Kf2 Rd6 40. Kg2 Rd2+ 41. Kh3 Rd6 42. Qe7 Re6 43. Qg5+ Rg6 44. Qd5+ Kg7 45. f5
Rf6 46. g4 Nh7 47. Qd7+ Rf7 48. Qd2 Rf6 49. Kg3 Rf7 50. c4 Nf6 51. Qb2 Kh6 52.
Kf4 Kh7 53. g5 Nh5+ 54. Kg4 Nf6+ 55. gxf6 Kg8 56. Qxb6 Kh7 57. Kg5 Kg8 58. Qe6
Kh8 59. Qe8+ Rf8 60. Qxf8+ Kh7 61. Qg7# 1-0

[Event "Olympiad Top DivD"]
[Site "chess.com INT"]
[Date "2021.09.08"]
[Round "3.5"]
[White "Talukdar, Rohan"]
[Black "Labussiere, Victor"]
[Result "1-0"]
[WhiteElo "2329"]
[BlackElo "2291"]
[PlyCount "81"]
[EventDate "2021.09.08"]
[EventType "team (rapid)"]
[EventRounds "9"]
[EventCountry "NET"]
[Source "Mark Crowther"]
[SourceDate "2021.09.13"]
[WhiteTeam "Canada"]
[BlackTeam "Brazil"]
[WhiteTeamCountry "CAN"]
[BlackTeamCountry "BRA"]

1. e4 c5 2. Nc3 a6 3. Nge2 Nc6 4. g3 g6 5. Bg2 Bg7 6. O-O e6 7. d3 Nge7 8. Be3
Nd4 9. Qd2 O-O 10. Nc1 Rb8 11. Nd1 b6 12. c3 Ndc6 13. d4 cxd4 14. cxd4 d5 15.
e5 Nf5 16. Nb3 a5 17. Rc1 Qd7 18. g4 Nxe3 19. Qxe3 Ba6 20. Re1 Nb4 21. Bf1 Bxf1
22. Rxf1 Nxa2 23. Ra1 Nb4 24. Qd2 Rbc8 25. Ne3 Qb5 26. Nc1 f5 27. f4 fxg4 28.
Qg2 h5 29. h3 Bh6 30. Qh2 Nd3 31. Qe2 Qxb2 32. Qxd3 Qxa1 33. Qxg6+ Bg7 34.
Qxe6+ Kh8 35. Ne2 Qa3 36. Nf5 Qd3 37. Neg3 Rc7 38. hxg4 Rcf7 39. Nxh5 Qh3 40.
Qg6 Rxf5 41. Qxg7# 1-0

[Event "Olympiad Top DivD"]
[Site "chess.com INT"]
[Date "2021.09.09"]
[Round "6.3"]
[White "Gurel, Ediz"]
[Black "Talukdar, Rohan"]
[Result "0-1"]
[WhiteElo "2353"]
[BlackElo "2329"]
[PlyCount "72"]
[EventDate "2021.09.08"]
[EventType "team (rapid)"]
[EventRounds "9"]
[EventCountry "NET"]
[Source "Mark Crowther"]
[SourceDate "2021.09.13"]
[WhiteTeam "Turkey"]
[BlackTeam "Canada"]
[WhiteTeamCountry "TUR"]
[BlackTeamCountry "CAN"]

1. e4 c5 2. Nf3 d6 3. d4 cxd4 4. Nxd4 Nf6 5. Nc3 a6 6. Be3 e5 7. Nf3 Qc7 8. a4
Be7 9. a5 Nc6 10. Bb6 Qd7 11. Nd5 O-O 12. Nxf6+ Bxf6 13. Nd2 d5 14. Be2 d4 15.
O-O Qe7 16. Bc4 Be6 17. c3 Rac8 18. cxd4 exd4 19. Rc1 Qb4 20. Bxe6 fxe6 21. Bc5
Qxa5 22. Bxf8 Rxf8 23. Nc4 Qb4 24. Qg4 d3 25. Qxe6+ Kh8 26. Nd6 h6 27. Qd5 Bxb2
28. Rcd1 Ne5 29. Nf5 Qb6 30. Rb1 g6 31. Nd6 Qd4 32. Qxb7 Ba3 33. Nc8 Ng4 34.
Qb6 Bc5 35. Qxg6 Rxf2 36. Qe8+ Rf8+ 0-1

[Event "Olympiad Top DivD"]
[Site "chess.com INT"]
[Date "2021.09.10"]
[Round "8.4"]
[White "Alvarez Calzadilla, Jose Avelino"]
[Black "Talukdar, Rohan"]
[Result "0-1"]
[WhiteElo "2287"]
[BlackElo "2329"]
[PlyCount "76"]
[EventDate "2021.09.08"]
[EventType "team (rapid)"]
[EventRounds "9"]
[EventCountry "NET"]
[Source "Mark Crowther"]
[SourceDate "2021.09.13"]
[WhiteTeam "Cuba"]
[BlackTeam "Canada"]
[WhiteTeamCountry "CUB"]
[BlackTeamCountry "CAN"]

1. e4 c5 2. Nf3 d6 3. d4 cxd4 4. Nxd4 Nf6 5. Nc3 a6 6. h4 e5 7. Nb3 Be7 8. Bg5
Nbd7 9. g4 h6 10. Be3 Nf8 11. Rg1 Be6 12. g5 hxg5 13. hxg5 N6d7 14. Qd2 Rc8 15.
O-O-O Ng6 16. Kb1 Qc7 17. Bd3 Nb6 18. Rh1 Rxh1 19. Rxh1 Nc4 20. Bxc4 Qxc4 21.
f3 b5 22. Nd5 Bxd5 23. exd5 Bd8 24. Re1 Kf8 25. Nc1 Ne7 26. Rd1 Nf5 27. c3 b4
28. Ne2 bxc3 29. Nxc3 Ba5 30. Rc1 Nd4 31. f4 Nb5 32. fxe5 Nxc3+ 33. bxc3 Bxc3
34. Rxc3 Qxc3 35. Qxc3 Rxc3 36. Bf4 Rf3 37. Bd2 dxe5 38. d6 Ke8 0-1

[Event "World Cup Americas Prelim"]
[Site "Tornelo INT"]
[Date "2021.05.08"]
[Round "1.23"]
[White "Talukdar, Rohan"]
[Black "Jordan, Valence"]
[Result "1-0"]
[WhiteElo "2341"]
[BlackElo "1760"]
[PlyCount "61"]
[EventDate "2021.05.08"]
[EventType "swiss (rapid)"]
[EventRounds "9"]
[EventCountry "NET"]
[Source "Mark Crowther"]
[SourceDate "2021.05.17"]

1. e4 c6 2. d4 d5 3. Nc3 dxe4 4. Nxe4 Bf5 5. Ng3 Bg6 6. h4 h6 7. Nf3 e6 8. h5
Bh7 9. Bd3 Bxd3 10. Qxd3 Nf6 11. Bd2 Be7 12. O-O-O O-O 13. Kb1 c5 14. Be3 Nd5
15. dxc5 Nxe3 16. Qxe3 Qa5 17. Ne4 Na6 18. Rd7 Bxc5 19. Qb3 b5 20. g4 Rfd8 21.
Rxd8+ Rxd8 22. g5 hxg5 23. Nfxg5 Qb6 24. h6 gxh6 25. Qf3 hxg5 26. Qf6 Rd1+ 27.
Rxd1 e5 28. Qxg5+ Qg6 29. Qxe5 Nb4 30. a3 Na6 31. Nxc5 1-0

[Event "World Cup Americas Prelim"]
[Site "Tornelo INT"]
[Date "2021.05.08"]
[Round "2.20"]
[White "McKennis, Darren"]
[Black "Talukdar, Rohan"]
[Result "1/2-1/2"]
[WhiteElo "1735"]
[BlackElo "2341"]
[PlyCount "111"]
[EventDate "2021.05.08"]
[EventType "swiss (rapid)"]
[EventRounds "9"]
[EventCountry "NET"]
[Source "Mark Crowther"]
[SourceDate "2021.05.17"]

1. d4 Nf6 2. c4 g6 3. Nc3 d5 4. cxd5 Nxd5 5. e4 Nxc3 6. bxc3 Bg7 7. Be3 c5 8.
Qd2 Qa5 9. Rc1 O-O 10. Nf3 Rd8 11. Be2 Nc6 12. d5 e6 13. c4 Qxd2+ 14. Nxd2 Nd4
15. Nb3 Nxe2 16. Kxe2 b6 17. Rhd1 exd5 18. exd5 Bg4+ 19. f3 Bd7 20. Kf2 h5 21.
h4 Re8 22. Nd2 Bf5 23. Rg1 Bf6 24. g3 Kg7 25. a4 Re7 26. a5 Rae8 27. Rce1 Bd3
28. axb6 axb6 29. d6 Re6 30. d7 Rd8 31. Ne4 Bxe4 32. fxe4 Rxd7 33. Re2 Rxe4 34.
Bh6+ Kxh6 35. Rxe4 Bd4+ 36. Rxd4 Rxd4 37. Rb1 Rd6 38. Ke3 Re6+ 39. Kf4 f6 40.
Rd1 Rc6 41. Rd5 Re6 42. Rd7 g5+ 43. Kf5 Re3 44. hxg5+ fxg5 45. Rd6+ Kg7 46.
Kxg5 Rxg3+ 47. Kxh5 Kf7 48. Rxb6 Rc3 49. Kg5 Ke7 50. Kf5 Rxc4 51. Ke5 Rh4 52.
Rb7+ Ke8 53. Kd5 c4 54. Rc7 Kd8 55. Rxc4 Rxc4 56. Kxc4 1/2-1/2

[Event "World Cup Americas Prelim"]
[Site "Tornelo INT"]
[Date "2021.05.08"]
[Round "3.15"]
[White "Talukdar, Rohan"]
[Black "Stephenson, John"]
[Result "1-0"]
[WhiteElo "2341"]
[BlackElo "1629"]
[PlyCount "55"]
[EventDate "2021.05.08"]
[EventType "swiss (rapid)"]
[EventRounds "9"]
[EventCountry "NET"]
[Source "Mark Crowther"]
[SourceDate "2021.05.17"]

1. e4 c5 2. Nc3 d6 3. g3 Nf6 4. Bg2 e6 5. d3 Be7 6. Nh3 O-O 7. O-O Nc6 8. f4 a6
9. f5 exf5 10. exf5 d5 11. Bg5 d4 12. Bxf6 Bxf6 13. Nd5 Re8 14. Qh5 Re5 15.
Rae1 g6 16. Rxe5 gxh5 17. Re8+ Qxe8 18. Nxf6+ Kf8 19. Nxe8 Kxe8 20. Ng5 h6 21.
Ne4 Nb4 22. Rf2 Nxa2 23. Nxc5 Nb4 24. Nb3 Bd7 25. Nxd4 Rc8 26. Bxb7 Rc7 27. Be4
a5 28. c3 1-0

[Event "World Cup Americas Prelim"]
[Site "Tornelo INT"]
[Date "2021.05.08"]
[Round "4.9"]
[White "Arrieta, Cristian"]
[Black "Talukdar, Rohan"]
[Result "0-1"]
[WhiteElo "1863"]
[BlackElo "2341"]
[PlyCount "140"]
[EventDate "2021.05.08"]
[EventType "swiss (rapid)"]
[EventRounds "9"]
[EventCountry "NET"]
[Source "Mark Crowther"]
[SourceDate "2021.05.17"]

1. e4 c5 2. Nf3 d6 3. d4 cxd4 4. Nxd4 Nf6 5. f3 e5 6. Ne2 Be6 7. Nbc3 Be7 8.
Be3 O-O 9. Qd2 a5 10. a4 Na6 11. Rd1 Rc8 12. g4 Nb4 13. Ng3 d5 14. g5 d4 15.
gxf6 Bxf6 16. Qc1 Qe7 17. Bd2 dxc3 18. bxc3 Nc6 19. Bd3 Qc5 20. Qb2 Qa7 21. Rb1
Bd8 22. Ke2 Rc7 23. h4 Rd7 24. Be3 Qb8 25. h5 Qd6 26. Qb5 Be7 27. Nf5 Bxf5 28.
exf5 Kh8 29. h6 g6 30. Be4 Qf6 31. fxg6 fxg6 32. Rbd1 Rfd8 33. Rdg1 Qe6 34. Qb3
Qd6 35. Qf7 Bg5 36. Qxd7 Rxd7 37. Bxg5 Qe6 38. Rd1 Kg8 39. Rxd7 Qxd7 40. Rd1
Qh3 41. Rd6 Qg2+ 42. Kd3 Qxg5 43. Rd7 Qxh6 44. Rxb7 Qf8 45. Rd7 Ne7 46. c4 Kf7
47. c5 Qc8 48. c6 Ke8 49. c4 Nxc6 50. Rxh7 Nb4+ 51. Kc3 Qc5 52. Bxg6+ Kd8 53.
Be4 Qd4+ 54. Kb3 Qe3+ 55. Kb2 Qd2+ 56. Kb3 Qa2+ 57. Kc3 Qa3+ 58. Kd2 Qxa4 59.
c5 Qa2+ 60. Kc3 Qa3+ 61. Kc4 a4 62. c6 Qb3+ 63. Kc5 Na6+ 64. Kd6 Qb4+ 65. Kxe5
a3 66. Rh8+ Kc7 67. Rh7+ Kb8 68. Bd5 Qb2+ 69. Kd6 Qf6+ 70. Kd7 Qf5+ 0-1

[Event "World Cup Americas Prelim"]
[Site "Tornelo INT"]
[Date "2021.05.09"]
[Round "5.5"]
[White "Talukdar, Rohan"]
[Black "Berdayes Ason, Dylan Isidro"]
[Result "1-0"]
[WhiteElo "2341"]
[BlackElo "2445"]
[PlyCount "79"]
[EventDate "2021.05.08"]
[EventType "swiss (rapid)"]
[EventRounds "9"]
[EventCountry "NET"]
[Source "Mark Crowther"]
[SourceDate "2021.05.17"]

1. e4 e5 2. Nf3 Nc6 3. Bb5 a6 4. Ba4 Nf6 5. O-O Bc5 6. c3 O-O 7. d4 Ba7 8. Bg5
exd4 9. cxd4 h6 10. Bh4 d6 11. d5 Ne5 12. Nxe5 dxe5 13. Nd2 b5 14. Bb3 Qd6 15.
Rc1 Bd7 16. Bxf6 gxf6 17. Qh5 Kg7 18. Rc3 Rh8 19. Rfc1 Bb6 20. Rg3+ Kf8 21. Nf3
Qb4 22. d6 Rh7 23. Bxf7 Bxf2+ 24. Kh1 Bxg3 25. Bd5 Qxd6 26. Bxa8 Bf4 27. Re1
Rg7 28. Bd5 c6 29. Bb3 Bg4 30. Qh4 Ke7 31. Qf2 c5 32. Nh4 Qd4 33. Qf1 c4 34.
Bd1 Be6 35. Bf3 Qxb2 36. Rd1 Be3 37. Qe1 Bb6 38. Nf5+ Bxf5 39. exf5 Kf8 40. Qh4
1-0

[Event "World Cup Americas Prelim"]
[Site "Tornelo INT"]
[Date "2021.05.09"]
[Round "6.2"]
[White "Bellissimo, Joseph"]
[Black "Talukdar, Rohan"]
[Result "0-1"]
[WhiteElo "2203"]
[BlackElo "2341"]
[PlyCount "86"]
[EventDate "2021.05.08"]
[EventType "swiss (rapid)"]
[EventRounds "9"]
[EventCountry "NET"]
[Source "Mark Crowther"]
[SourceDate "2021.05.17"]

1. e4 c5 2. Nf3 d6 3. d4 cxd4 4. Qxd4 Nf6 5. Nc3 a6 6. b3 e5 7. Qd2 Be7 8. h3
O-O 9. a4 Be6 10. Ba3 Qa5 11. Be2 Rc8 12. Bb2 Nbd7 13. O-O Rc5 14. Bd3 Rac8 15.
Ne2 Qxd2 16. Nxd2 Rxc2 17. Bxc2 Rxc2 18. Bc3 d5 19. Rfc1 Rxc1+ 20. Rxc1 d4 21.
Bb2 Bb4 22. Nc4 Nxe4 23. Ba3 a5 24. Bxb4 axb4 25. f3 Nc3 26. Kf2 Bxc4 27. bxc4
Nc5 28. Ke1 Nd3+ 29. Kd2 Nxc1 30. Nxc1 f6 31. a5 Kf7 32. c5 Ke6 33. Nd3 b3 34.
c6 bxc6 35. Nc5+ Kd5 36. Nxb3 c5 37. a6 Nb5 38. Na5 c4 39. Kc2 f5 40. Kd2 e4
41. Kc2 e3 42. Kd1 d3 43. Ke1 f4 0-1

[Event "World Cup Americas Prelim"]
[Site "Tornelo INT"]
[Date "2021.05.09"]
[Round "7.1"]
[White "Molina, Rob"]
[Black "Talukdar, Rohan"]
[Result "1-0"]
[WhiteElo "2434"]
[BlackElo "2341"]
[PlyCount "67"]
[EventDate "2021.05.08"]
[EventType "swiss (rapid)"]
[EventRounds "9"]
[EventCountry "NET"]
[Source "Mark Crowther"]
[SourceDate "2021.05.17"]

1. d4 Nf6 2. c4 g6 3. Nc3 d5 4. Nf3 Bg7 5. Qb3 dxc4 6. Qxc4 O-O 7. e4 Be6 8.
Qa4 c5 9. d5 Bd7 10. Bb5 a6 11. Bxd7 Nbxd7 12. O-O b5 13. Qc2 Qc7 14. Bg5 Rfe8
15. Rad1 Rac8 16. Rfe1 Ng4 17. Bxe7 Qf4 18. Bg5 Qb8 19. d6 Re6 20. Nd5 Kh8 21.
Be7 h6 22. Nc7 Rxe7 23. Nxa6 Qa7 24. dxe7 Nge5 25. Nxe5 Bxe5 26. Nb4 Kg7 27.
Nd5 c4 28. a3 Nc5 29. g3 Re8 30. Kg2 Nd3 31. Rxd3 cxd3 32. Qxd3 Qc5 33. Re2 Rc8
34. Rc2 1-0

[Event "World Cup Americas Prelim"]
[Site "Tornelo INT"]
[Date "2021.05.09"]
[Round "8.4"]
[White "Talukdar, Rohan"]
[Black "Avila Pavas, Santiago"]
[Result "1-0"]
[WhiteElo "2341"]
[BlackElo "2373"]
[PlyCount "113"]
[EventDate "2021.05.08"]
[EventType "swiss (rapid)"]
[EventRounds "9"]
[EventCountry "NET"]
[Source "Mark Crowther"]
[SourceDate "2021.05.17"]

1. e4 Nf6 2. e5 Nd5 3. d4 d6 4. c4 Nb6 5. exd6 cxd6 6. Nc3 g6 7. Be3 Bg7 8. Rc1
O-O 9. b3 e5 10. dxe5 dxe5 11. Qxd8 Rxd8 12. c5 N6d7 13. Nf3 Nc6 14. Bc4 h6 15.
Nb5 e4 16. Nd2 Nde5 17. Nxe4 Nxc4 18. bxc4 Be6 19. O-O Rd7 20. Nbd6 Ne5 21. Rc2
f5 22. Nd2 Ng4 23. Nb3 Nxe3 24. fxe3 b6 25. Nb5 Rc8 26. N3d4 Bf7 27. c6 Re7 28.
Nd6 Rcc7 29. Kf2 f4 30. Nxf7 Rxf7 31. Ke2 Rce7 32. Nb5 Rxe3+ 33. Kd1 Be5 34.
Rd2 Re4 35. Re1 Rxe1+ 36. Kxe1 a6 37. Rd8+ Kg7 38. Nd6 Re7 39. Kd2 Bxd6 40.
Rxd6 g5 41. Kc3 Re8 42. Kd4 g4 43. c7 Rc8 44. Rd7+ Kf6 45. Kd5 f3 46. gxf3 gxf3
47. Kc6 Ke5 48. Rd1 Ke4 49. Kxb6 Ke3 50. Kb7 Rxc7+ 51. Kxc7 Ke2 52. Ra1 f2 53.
c5 f1=Q 54. Rxf1 Kxf1 55. c6 Kg2 56. Kb6 Kxh2 57. c7 1-0

[Event "World Cup Americas Prelim"]
[Site "Tornelo INT"]
[Date "2021.05.09"]
[Round "9.3"]
[White "Sanchez L, S."]
[Black "Talukdar, Rohan"]
[Result "1-0"]
[WhiteElo "2434"]
[BlackElo "2341"]
[PlyCount "87"]
[EventDate "2021.05.08"]
[EventType "swiss (rapid)"]
[EventRounds "9"]
[EventCountry "NET"]
[Source "Mark Crowther"]
[SourceDate "2021.05.17"]

1. d4 Nf6 2. Bf4 g6 3. e3 Bg7 4. Nf3 d6 5. Be2 O-O 6. O-O Nbd7 7. h3 Qe8 8. Bh2
e5 9. c4 Ne4 10. Qc2 f5 11. Nc3 Nxc3 12. Qxc3 e4 13. Nd2 g5 14. Qc2 Qg6 15.
Rad1 Nf6 16. c5 dxc5 17. Qxc5 c6 18. Nc4 Be6 19. Ne5 Qh6 20. Qe7 Bd5 21. Qxb7
Rab8 22. Qxa7 Rxb2 23. Bc4 f4 24. Qa6 f3 25. Qxc6 fxg2 26. Bxd5+ Kh8 27. Kxg2
g4 28. hxg4 Qxe3 29. Bg3 Nxg4 30. Nxg4 Qf3+ 31. Kh3 h5 32. Ne3 h4 33. Bxe4 Qh5
34. Bg6 Qh6 35. Ng4 Qg5 36. Bxh4 Qf4 37. Bg3 Qg5 38. Rh1 Bf6 39. Kg2+ Kg7 40.
Qd7+ Be7 41. Be4 Rfxf2+ 42. Nxf2 Rxf2+ 43. Kxf2 Qe3+ 44. Kxe3 1-0

[Event "PNWCC Super G60 2021.04 Gp1"]
[Site "chess.com INT"]
[Date "2021.04.24"]
[Round "1.2"]
[White "Swiercz, D."]
[Black "Talukdar, Rohan"]
[Result "1-0"]
[WhiteElo "2649"]
[BlackElo "2341"]
[PlyCount "71"]
[EventDate "2021.04.24"]
[EventType "swiss"]
[EventRounds "6"]
[EventCountry "NET"]
[Source "Mark Crowther"]
[SourceDate "2021.04.26"]

1. Nf3 Nf6 2. c4 g6 3. Nc3 d5 4. cxd5 Nxd5 5. h4 Nxc3 6. bxc3 h6 7. g3 Bg7 8.
Bg2 c5 9. Rb1 O-O 10. O-O Nc6 11. d4 cxd4 12. Nxd4 Na5 13. Qd3 e5 14. Nb3 Bf5
15. Qxd8 Raxd8 16. e4 Nxb3 17. exf5 Nxc1 18. Rfxc1 b6 19. fxg6 fxg6 20. Rc2 Rf6
21. Re1 Rfd6 22. Ree2 Rd1+ 23. Kh2 Re8 24. Be4 Kf7 25. c4 Bf8 26. Bc6 Rc8 27.
Bd5+ Kf6 28. Rc3 Kg7 29. Rf3 Rc7 30. Rxe5 Rd2 31. a4 Bc5 32. Kg2 Ra2 33. Re6
Ra3 34. Rff6 Rf7 35. Rxg6+ Kf8 36. Re2 1-0

[Event "PNWCC Super G60 2021.04 Gp1"]
[Site "chess.com INT"]
[Date "2021.04.24"]
[Round "2.11"]
[White "Talukdar, Rohan"]
[Black "Maiti, Milind"]
[Result "1-0"]
[WhiteElo "2341"]
[BlackElo "2068"]
[PlyCount "123"]
[EventDate "2021.04.24"]
[EventType "swiss"]
[EventRounds "6"]
[EventCountry "NET"]
[Source "Mark Crowther"]
[SourceDate "2021.04.26"]

1. e4 c5 2. Nc3 e6 3. f4 d5 4. Nf3 Nf6 5. Bb5+ Nc6 6. d3 Be7 7. Bxc6+ bxc6 8.
O-O O-O 9. e5 Nd7 10. b3 Re8 11. Qd2 Ba6 12. Ba3 Qc7 13. Na4 Bb5 14. Nb2 Qb6
15. c4 Qa6 16. cxb5 cxb5 17. Bxc5 Nxc5 18. Nd1 b4 19. Nf2 Qb6 20. d4 Ne4 21.
Qd3 Nxf2 22. Rxf2 Rac8 23. Rc2 Rc6 24. Rac1 Rec8 25. f5 a5 26. h4 Rxc2 27. Rxc2
Rc6 28. Kh2 Qc7 29. Rf2 Rc3 30. Qb5 Qd8 31. fxe6 fxe6 32. Qa6 Qd7 33. Qxa5 h6
34. Qa8+ Qc8 35. Qa4 Re3 36. Qb5 Re4 37. g3 Re3 38. Kg2 Rc3 39. Ne1 Re3 40. Nd3
Bf8 41. Nf4 Qc3 42. Ne2 Qc2 43. Qa6 Kh7 44. Nf4 Qe4+ 45. Kh2 Re1 46. Ng2 Rc1
47. Qxe6 Qb1 48. Qf5+ Qxf5 49. Rxf5 Kg8 50. Ne3 Ra1 51. Rf2 Re1 52. Nxd5 Re4
53. Nc7 Be7 54. Ne6 h5 55. Kg2 Re1 56. Rd2 Kf7 57. Nf4 g5 58. Nxh5 gxh4 59.
Rf2+ Ke6 60. Nf4+ Kd7 61. Ng6 hxg3 62. Rf7 1-0

[Event "PNWCC Super G60 2021.04 Gp1"]
[Site "chess.com INT"]
[Date "2021.04.24"]
[Round "3.8"]
[White "Tanaka, Taira Tyler"]
[Black "Talukdar, Rohan"]
[Result "0-1"]
[WhiteElo "2099"]
[BlackElo "2341"]
[PlyCount "66"]
[EventDate "2021.04.24"]
[EventType "swiss"]
[EventRounds "6"]
[EventCountry "NET"]
[Source "Mark Crowther"]
[SourceDate "2021.04.26"]

1. c4 c5 2. Nf3 g6 3. g3 Bg7 4. Bg2 Nc6 5. O-O e5 6. Nc3 d6 7. d3 Nge7 8. Rb1
O-O 9. a3 a5 10. Bd2 h6 11. Ne1 Be6 12. Nc2 d5 13. cxd5 Nxd5 14. Nxd5 Bxd5 15.
Bxd5 Qxd5 16. b4 cxb4 17. axb4 a4 18. Qc1 Rfc8 19. Ne3 Qd8 20. b5 Nd4 21. Qd1
a3 22. Nc4 a2 23. Ra1 e4 24. Be3 Nf5 25. Qb3 Bxa1 26. Rxa1 Nxe3 27. fxe3 exd3
28. exd3 Qd5 29. h4 Rd8 30. Rxa2 Rxa2 31. Qxa2 Qxd3 32. Kf2 Rc8 33. Na3 Rc3 0-1

[Event "PNWCC Super G60 2021.04 Gp1"]
[Site "chess.com INT"]
[Date "2021.04.25"]
[Round "4.6"]
[White "Talukdar, Rohan"]
[Black "Bernadskiy, Vitaliy"]
[Result "0-1"]
[WhiteElo "2341"]
[BlackElo "2603"]
[PlyCount "88"]
[EventDate "2021.04.24"]
[EventType "swiss"]
[EventRounds "6"]
[EventCountry "NET"]
[Source "Mark Crowther"]
[SourceDate "2021.04.26"]

1. e4 e5 2. Nf3 Nc6 3. Bb5 Bc5 4. O-O Nd4 5. Nxd4 Bxd4 6. c3 Bb6 7. d4 c6 8.
Ba4 d6 9. dxe5 dxe5 10. Qxd8+ Bxd8 11. Nd2 Nf6 12. f3 Be6 13. Bb3 Ke7 14. Nc4
Nd7 15. Be3 a5 16. a4 b5 17. Nd2 Bb6 18. Kf2 Rhd8 19. Bxe6 Kxe6 20. Rfd1 Bxe3+
21. Kxe3 Nb6 22. b3 Ra7 23. Ke2 g6 24. Nf1 Rxd1 25. Kxd1 f5 26. Nd2 Nd7 27. Kc2
Nb6 28. Ra2 f4 29. Ra1 g5 30. h3 h5 31. c4 b4 32. c5 Nd7 33. Nc4 Nxc5 34. Rd1
Nb7 35. Nb6 Ra6 36. Nc4 Ra8 37. Rh1 Nd6 38. Kd3 Rd8 39. Nxd6 Rxd6+ 40. Kc4 Kd7
41. h4 Kc7 42. Kc5 Rd3 43. Rc1 Rc3+ 44. Rxc3 bxc3 0-1

[Event "PNWCC Super G60 2021.04 Gp1"]
[Site "chess.com INT"]
[Date "2021.04.25"]
[Round "5.10"]
[White "Xu, Arthur"]
[Black "Talukdar, Rohan"]
[Result "0-1"]
[WhiteElo "2106"]
[BlackElo "2341"]
[PlyCount "62"]
[EventDate "2021.04.24"]
[EventType "swiss"]
[EventRounds "6"]
[EventCountry "NET"]
[Source "Mark Crowther"]
[SourceDate "2021.04.26"]

1. e4 c5 2. Nf3 d6 3. d4 cxd4 4. Nxd4 Nf6 5. Nc3 a6 6. Be3 e5 7. Nb3 Be6 8. f3
h5 9. Nd5 Bxd5 10. exd5 Nbd7 11. Qd2 g6 12. c4 a5 13. Rc1 a4 14. Na1 Ng8 15.
Be2 Bh6 16. Nc2 Bxe3 17. Nxe3 f5 18. O-O Ngf6 19. Nd1 O-O 20. Nc3 Nc5 21. Rb1
Kg7 22. Nb5 Qb6 23. Kh1 h4 24. b4 axb3 25. axb3 Nh5 26. b4 Ng3+ 27. hxg3 hxg3
28. bxc5 Qd8 29. Kg1 Qh4 30. Rfc1 Qh2+ 31. Kf1 Qh1# 0-1

[Event "PNWCC Super G60 2021.04 Gp1"]
[Site "chess.com INT"]
[Date "2021.04.25"]
[Round "6.5"]
[White "Talukdar, Rohan"]
[Black "Stupak, K."]
[Result "0-1"]
[WhiteElo "2341"]
[BlackElo "2501"]
[PlyCount "154"]
[EventDate "2021.04.24"]
[EventType "swiss"]
[EventRounds "6"]
[EventCountry "NET"]
[Source "Mark Crowther"]
[SourceDate "2021.04.26"]

1. e4 e6 2. d4 d5 3. Nd2 Nc6 4. Ngf3 Nf6 5. e5 Nd7 6. Nb3 a5 7. a4 b6 8. c3
Ncb8 9. Ng5 h6 10. Nxe6 fxe6 11. Qh5+ Ke7 12. Bd3 Ba6 13. Bg6 Nc6 14. Qh4+ Nf6
15. exf6+ gxf6 16. Bf4 Kd7 17. O-O-O f5 18. Qh5 Bd6 19. Bxd6 cxd6 20. h4 Qf6
21. Rde1 Raf8 22. g4 fxg4 23. Qxg4 Qf4+ 24. Qxf4 Rxf4 25. Rhg1 Ne7 26. Bc2 Rxh4
27. Rg7 Rf8 28. Rh7 Rxf2 29. Rg1 Rf1+ 30. Rxf1 Bxf1 31. Nd2 Be2 32. b4 axb4 33.
cxb4 Rxd4 34. Rxh6 Rxb4 35. Rh2 Bg4 36. Rh4 Nf5 37. Rh7+ Kd8 38. Rb7 Kc8 39.
Ra7 Nd4 40. Bd3 Be2 41. Bg6 Nc6 42. Rg7 Kd8 43. Bf7 Nd4 44. Nb1 Bd3 45. Nc3 Bf5
46. Bh5 Nb3+ 47. Kd1 Nd4 48. Kd2 Rb2+ 49. Ke3 Rb4 50. Kd2 Rc4 51. Bd1 Kc8 52.
Re7 Rb4 53. Rg7 Kb8 54. Rd7 Kc8 55. Rg7 Be4 56. Rf7 Rb2+ 57. Ke3 Nf5+ 58. Kf4
e5+ 59. Kg5 Rg2+ 60. Kf6 Ne3 61. Bf3 Bxf3 62. Nb5 Kb8 63. Rf8+ Kb7 64. Rf7+ Kc8
65. Na7+ Kd8 66. Nc6+ Ke8 67. Re7+ Kf8 68. Rf7+ Ke8 69. Re7+ Kf8 70. Rf7+ Kg8
71. Ne7+ Kh8 72. Ng6+ Rxg6+ 73. Kxg6 Be4+ 74. Kh6 Kg8 75. Rb7 d4 76. Rxb6 d3
77. Rxd6 Nf5+ 0-1

[Event "PNWCC Super G60 2021.03 Gp1"]
[Site "chess.com INT"]
[Date "2021.03.27"]
[Round "1.3"]
[White "Rychagov, A."]
[Black "Talukdar, Rohan"]
[Result "0-1"]
[WhiteElo "2545"]
[BlackElo "2341"]
[PlyCount "74"]
[EventDate "2021.03.27"]
[EventType "swiss (rapid)"]
[EventRounds "6"]
[EventCountry "NET"]
[Source "Mark Crowther"]
[SourceDate "2021.03.29"]

1. d4 Nf6 2. c4 g6 3. Nc3 d5 4. cxd5 Nxd5 5. f3 Bg7 6. e4 Nxc3 7. bxc3 O-O 8.
Be3 c5 9. Qd2 Qa5 10. Rc1 cxd4 11. cxd4 Qxd2+ 12. Kxd2 Rd8 13. Bd3 Nc6 14. d5
Nb4 15. Ne2 e6 16. Bd4 exd5 17. e5 Nxa2 18. Rc7 Nb4 19. e6 Bxe6 20. Bxg7 Kxg7
21. Nd4 Rd6 22. Rxb7 Nxd3 23. Kxd3 Bd7 24. Rc1 a5 25. Rcc7 Be8 26. Nc2 a4 27.
Na3 Re6 28. h4 Re1 29. g4 Rh1 30. Nc2 Rxh4 31. Nd4 Rh1 32. g5 Kf8 33. f4 Rh3+
34. Kc2 Rh4 35. Ne2 Rh2 36. Kd3 a3 37. Nc3 a2 0-1